中国传统颜色赏析 红部分 - Statistics

General Stats
  • This quiz has been taken 4 times
  • The average score is 15 of 33
Answer Stats
色号 色名 % Correct
481E1C 豆沙
100%
482522 火山棕
100%
5C1E19 栗棕
100%
483332 海报灰
100%
5A1F1B 酱棕
67%
AC1F18 覆盆子红
67%
592620 暗驼棕
67%
EC2B24 秋海棠红
67%
F19790 舌红
67%
F2B9B2 粉红
67%
5D3A31 貂紫
33%
4B2E2B 玫瑰灰
33%
EB261A 丽春红
33%
ED3333 枸枢红
33%
D42517 鹤顶红
33%
AB372F 鹅血石红
33%
ED3B2F 鱼鳃红
33%
ED4845 淡菽红
33%
ED3321 樱桃红
33%
F1908C 樱子红
33%
EFAFAD 无花果红
33%
F2CAC9 淡绯
33%
DE2A18 夕阳红
33%
F5391C 铁水红
33%
F33B1F 极光红
33%
F13C22 萝卜红
33%
F23E23 红汞红
33%
F03F24 胭脂红
33%
F04A3A 珊瑚红
33%
F15642 苹果红
33%
F25A47 桂红
33%
F17666 谷鞘红
33%
F05A46 曲红
0%
No matching quizzes found
Score Distribution
Percent of People with Each Score
Percentile by Number Answered
Your Score History
You have not taken this quiz